000 01073cad a22002535a 4500
001 E149659
008 100406s2010 xxk f lf000 0 eng d
035 _a(Sirsi) u149659
041 0 _aeng
050 0 4 _a711.1 $2 18
110 2 _aUnited Kingdom
_kLaws, etc.
_95044
245 0 4 _aThe Town and Country Planning (General Permitted Development) (Amendment) (England) Order 2010
_h[electronic resource]
260 _aLondon
_bOPSI
_c2010
490 0 _aSI
_v(654) 2010
520 _aAmends the Town and Country Planning (General Permitted Development) Order 1995 which grants planning permission for certain classes of development. Applies to England only.
520 _aComes into force on 6 April 2010.
521 _aAdvanced
590 _aKA
650 2 4 _aTOWN AND COUNTRY PLANNING (GENERAL PERMITTED DEVELOPMENT) (AMENDMENT) (ENGLAND) ORDER 2010
651 4 _aEngland
_y886-
690 _aPlanning and development
_96259
856 4 0 _uhttps://www.opsi.gov.uk/si/si2010/uksi_20100654_en_1
_zView the item free of charge online at www.opsi.gov.uk...
942 _n0
999 _c110587
_d110587